Test znajomości związków chemicznych - Statystyki

Ogólne statystyki
  • Ten quiz został rozwiązany 188 razy
  • Średni wynik to 8 z 15
Statystyki odpowiedzi
Hint Odpowiedź % Poprawnych
CaO tlenek wapnia
90%
H2O woda
76%
MgCl2 chlorek magnezu
73%
H2CO3 kwas węglowy
72%
Al2O3 tlenek glinu
57%
CH4 metan
54%
C3H8 propan
51%
H2S kwas siarkowodorowy
50%
Cu(OH)2 wodorotlenek miedzi (II)
47%
Na2SO4 siarczan (VI) sodu
45%
CO2 tlenek węgla (IV)
45%
HF kwas fluorowodorowy
43%
NH4Cl chlorek amonu
41%
C2H2 etyn
39%
C2H5OH alkohol etylowy
29%
Nie znaleziono quizów pasujących do podanych kryteriów
Rozkład punktacji
Procent ludzi z każdym wynikiem
Percentyl według liczby udzielonych odpowiedzi
Twoja historia wyników
Nie rozwiązałeś tego quizu